| 000 | 00766nam a2200241 a 4500 | ||
|---|---|---|---|
| 008 | |||
| 020 | _a1873667728 (pbk.) | ||
| 049 | _aMAIN | ||
| 090 | _aZ716.4 MAT | ||
| 100 | _aMatarasso, Francois. | ||
| 245 |
_aLearning development : _ban introduction to the social impact of public libraries / _bFrancois Matarasso |
||
| 260 |
_aWest Yorkshire : _bBritish Library Research and innovation Centre, _c1998 |
||
| 300 |
_aviii, 54 p. ; _c21 cm. |
||
| 440 | _a Comedia | ||
| 504 | _aIncludes bibliographical references. | ||
| 500 | _aIncludes index. | ||
| 650 | _aPublic libraries. | ||
| 907 |
_a.b10096498 _b07-02-07 _c25-11-03 |
||
| 003 | |||
| 005 | 20230123133509.0 | ||
| 040 | _cNUST | ||
| 942 |
_cBOOKS _kZ716.4 MAT |
||
| 999 |
_c149624 _d149624 |
||